|
|
|
|
| LEADER |
00000nam a2200000 a 4500 |
| 001 |
vtls008399350 |
| 003 |
SK-MaSNL |
| 005 |
20260301165128.0 |
| 008 |
230403s1948 xo g 000 p slo |
| 015 |
|
|
|a SNBA19451955-011663
|
| 020 |
|
|
|a (brož.)
|
| 035 |
|
|
|a SK01SNKBKSFS20010091567
|
| 035 |
|
|
|a urn:nbn:sk:snk-am3hfw0
|
| 035 |
|
|
|a 45105018-2426-4B32-A670-8E748CD45C3F
|
| 035 |
|
|
|a urn:nbn:sk:snk-am00cyw4
|
| 035 |
|
|
|a SKM000094030
|
| 040 |
|
|
|a SNK
|b slo
|c SNK
|e AACR2
|
| 041 |
0 |
|
|a slo
|
| 044 |
|
|
|a xo
|c SK
|
| 072 |
|
7 |
|a 821.162.4-1
|x Slovenská poézia
|2 konspekt
|
| 080 |
|
|
|a 885.4-3
|2 1981
|
| 080 |
|
|
|a 821.162.4-1
|2 2011
|
| 100 |
1 |
|
|a Strauss, Pavol,
|d 1912-1994
|4 aut
|9 93225
|
| 245 |
1 |
0 |
|a Stĺpy
|b básne v próze
|c Pavol Strauss
|
| 260 |
|
|
|a Ružomberok
|b Lev v nakl. Katolícka akcia v biskupstve spišskom
|c 1948
|e Ružomberok
|f Lev
|
| 300 |
|
|
|a 42, [5] s.
|c 15 cm
|
| 490 |
1 |
|
|a KA v biskupstve spišskom
|
| 655 |
|
7 |
|a slovenská poézia
|2 SNKPH
|9 70444
|
| 655 |
|
7 |
|a Slovak poetry
|2 SNKPHeng
|9 265010
|
| 830 |
|
0 |
|a KA v biskupstve spišskom
|9 533443
|
| 852 |
|
|
|a Slovenská národná knižnica
|
| 954 |
|
|
|a beletria pôvodná (slovenská)
|2 lita
|
| 958 |
|
|
|a EUIPO
|
| 958 |
|
|
|a OND
|
| 958 |
|
|
|a RK
|
| 958 |
|
|
|a TL
|
| 958 |
|
|
|a SK
|
| 958 |
|
|
|a LX
|
| 999 |
|
|
|c 823081
|d 825011
|
| 952 |
|
|
|a SNK
|b SNK
|y PREZ
|7 0
|p 17A0732636
|o snkSE 808
|i snk6545/48
|0 0
|1 0
|4 0
|d 2011-11-08
|f 1
|l 0
|r 2026-02-24 03:12:48
|w 2026-02-24
|
| 952 |
|
|
|a SNK
|b SNK
|y VYP
|7 0
|p 17A0588830
|o snkSE 808 D1
|i snkKSF 481/57
|8 5
|0 0
|1 0
|4 0
|d 2008-06-17
|l 0
|r 2026-02-24 03:12:48
|w 2026-02-24
|